[Event "FIN-chT1B 1718"]
[Site "Finland"]
[Date "2018.02.03"]
[Round "6.2"]
[White "Sipila, Markku"]
[Black "Saren, Ilkka J"]
[Result "1/2-1/2"]
[WhiteElo "2045"]
[BlackElo "2094"]
[PlyCount "82"]
[EventDate "2017.09.16"]
[EventType "team-tourn"]
[EventRounds "7"]
[EventCountry "FIN"]
[SourceTitle "EXT 2020"]
[Source "ChessBase"]
[SourceDate "2019.10.17"]
[SourceVersion "1"]
[SourceVersionDate "2019.10.17"]
[SourceQuality "1"]
[WhiteTeam "Lahti S"]
[BlackTeam "Helsinki LauttSK"]
[WhiteTeamCountry "FIN"]
[BlackTeamCountry "FIN"]

1. d4 Nf6 2. c4 e6 3. Nc3 Bb4 4. e3 c5 5. Nge2 d5 6. a3 cxd4 7. exd4 Be7 8. c5 b6 9. cxb6 axb6 10. Nf4 0-0 11. Be2 Ba6 12. 0-0 Bxe2 13. Qxe2 Nc6 14. Rd1 Na5 15. Be3 Nc4 16. Nd3 Nd7 17. f4 g6 18. Ne5 Rc8 19. Bf2 Re8 20. Rac1 Bf8 21. Nb5 Ncxe5 22. fxe5 Rxc1 23. Rxc1 Qb8 24. Rc6 Be7 25. Qc2 Rd8 26. Rc7 Qa8 27. Ra7 Qc8 28. Qxc8 Rxc8 29. Be1 Rd8 30. a4 Bg5 31. Rb7 f6 32. a5 Be3+ 33. Kf1 bxa5 34. Bxa5 Rb8 35. Rxb8+ Nxb8 36. exf6 Nc6 37. Bc3 Kf7 38. Ke2 Bg1 39. h3 Kxf6 40. Kd3 Bh2 41. Na3 Bd6 1/2-1/2

[Event "FIN-chT1A 1617"]
[Site "Finland"]
[Date "2017.02.04"]
[Round "6.5"]
[White "Kauko, Pekka"]
[Black "Saren, Ilkka J"]
[Result "0-1"]
[WhiteElo "2007"]
[BlackElo "2098"]
[PlyCount "140"]
[EventDate "2016.09.17"]
[EventType "team-tourn"]
[EventRounds "7"]
[EventCountry "FIN"]
[SourceTitle "EXT 2019"]
[Source "ChessBase"]
[SourceDate "2018.10.10"]
[SourceVersion "1"]
[SourceVersionDate "2018.10.10"]
[SourceQuality "1"]
[WhiteTeam "Sastamala VammSK"]
[BlackTeam "Helsinki SSK"]
[WhiteTeamCountry "FIN"]
[BlackTeamCountry "FIN"]

1. d4 Nf6 2. c4 e6 3. Nf3 b6 4. Nc3 Bb7 5. e3 Bb4 6. Bd3 0-0 7. 0-0 d5 8. cxd5 exd5 9. Qc2 Re8 10. h3 Nbd7 11. a3 Bf8 12. b4 a6 13. Bb2 Bd6 14. Rfe1 Rc8 15. b5 a5 16. e4 dxe4 17. Nxe4 Nxe4 18. Bxe4 Bxe4 19. Rxe4 Rxe4 20. Qxe4 Qe8 21. Qf5 Qe6 22. Qxe6 fxe6 23. Ng5 Nf8 24. Re1 h6 25. Ne4 Kf7 26. g3 Be7 27. Rc1 Ke8 28. Rc6 Kd7 29. a4 Nh7 30. Nd2 Ng5 31. Kg2 Nf7 32. Nc4 Bf6 33. d5 Nd8 34. dxe6+ Nxe6 35. Bxf6 gxf6 36. Ne3 h5 37. f4 h4 38. f5 Nc5 39. Nd5 hxg3 40. Nxf6+ Kd8 41. Nd5 Kd7 42. Kxg3 Nxa4 43. f6 Nc5 44. Kf4 a4 45. Kf5 a3 46. Nb4 Ra8 47. Kg4 Rh8 48. Na2 Rg8+ 49. Kf3 Rh8 50. Kg4 Rg8+ 51. Kf3 Ne6 52. Rc3 Nd4+ 53. Ke4 Nxb5 54. Rf3 Ke6 55. Nb4 Rf8 56. Nd5 Nd6+ 57. Kd4 c5+ 58. Kc3 Kxd5 59. Kb3 Ne4 60. Kxa3 Rxf6 61. Rd3+ Kc4 62. Re3 Kd4 63. Rb3 Nc3 64. Rb2 b5 65. h4 Kc4 66. Rc2 Ra6+ 67. Kb2 Ra2+ 68. Kc1 Rxc2+ 69. Kxc2 Ne4 70. Kd1 Kd3 0-1

[Event "FIN-chT1A 1617"]
[Site "Finland"]
[Date "2017.01.14"]
[Round "5.5"]
[White "Saren, Ilkka J"]
[Black "Norri, Joose"]
[Result "1/2-1/2"]
[WhiteElo "2098"]
[BlackElo "2244"]
[PlyCount "41"]
[EventDate "2016.09.17"]
[EventType "team-tourn"]
[EventRounds "7"]
[EventCountry "FIN"]
[SourceTitle "EXT 2019"]
[Source "ChessBase"]
[SourceDate "2018.10.10"]
[SourceVersion "1"]
[SourceVersionDate "2018.10.10"]
[SourceQuality "1"]
[WhiteTeam "Helsinki SSK"]
[BlackTeam "Helsinki HSK"]
[WhiteTeamCountry "FIN"]
[BlackTeamCountry "FIN"]

1. e4 e6 2. d4 d5 3. Nd2 Nf6 4. e5 Nfd7 5. f4 c5 6. c3 Nc6 7. Ndf3 Qb6 8. g3 f6 9. Bh3 cxd4 10. cxd4 fxe5 11. fxe5 Bb4+ 12. Kf1 0-0 13. Kg2 Ndxe5 14. dxe5 Nxe5 15. Qe2 Nc4 16. b3 Bc3 17. Rb1 Bd7 18. Qd3 Be1 19. Qe2 Bc3 20. Qd3 Be1 21. Qe2 1/2-1/2

[Event "FIN-chT1A 1617"]
[Site "Finland"]
[Date "2016.09.18"]
[Round "2.5"]
[White "Linqvist, Grels"]
[Black "Saren, Ilkka J"]
[Result "1-0"]
[WhiteElo "2045"]
[BlackElo "2098"]
[PlyCount "71"]
[EventDate "2016.09.17"]
[EventType "team-tourn"]
[EventRounds "7"]
[EventCountry "FIN"]
[SourceTitle "EXT 2019"]
[Source "ChessBase"]
[SourceDate "2018.10.10"]
[SourceVersion "1"]
[SourceVersionDate "2018.10.10"]
[SourceQuality "1"]
[WhiteTeam "Vaasa VSS"]
[BlackTeam "Helsinki SSK"]
[WhiteTeamCountry "FIN"]
[BlackTeamCountry "FIN"]

1. c4 Nf6 2. Nc3 e6 3. e4 c5 4. e5 Ng8 5. Nf3 Nc6 6. d4 cxd4 7. Nxd4 Nxe5 8. Ndb5 f6 9. f4 Nf7 10. f5 Ne7 11. fxe6 dxe6 12. Bf4 e5 13. Qxd8+ Kxd8 14. 0-0-0+ Bd7 15. Be3 a6 16. Bb6+ Kc8 17. Na7+ Rxa7 18. Bxa7 Nc6 19. Be3 Nd6 20. Bd3 Nf5 21. Bxf5 Bxf5 22. Rhf1 Be6 23. Nd5 Kb8 24. Bb6 Kc8 25. a3 Be7 26. Nxe7+ Nxe7 27. Rd2 Nc6 28. b3 Re8 29. Kb2 Re7 30. Kc3 Rd7 31. Rxd7 Kxd7 32. b4 Ke8 33. a4 Ne7 34. Rd1 Bd7 35. b5 Nf5 36. Bf2 1-0

[Event "FIN-chT1B 1516"]
[Site "Finland"]
[Date "2016.02.06"]
[Round "6.5"]
[White "Saastamoinen, Aarne"]
[Black "Saren, Ilkka J"]
[Result "1-0"]
[WhiteElo "2084"]
[BlackElo "2124"]
[PlyCount "89"]
[EventDate "2015.09.12"]
[EventType "team-tourn"]
[EventRounds "8"]
[EventCountry "FIN"]
[SourceTitle "EXT 2017"]
[Source "ChessBase"]
[SourceDate "2016.10.25"]
[SourceVersion "1"]
[SourceVersionDate "2016.10.25"]
[SourceQuality "1"]
[WhiteTeam "Joensuu SK"]
[BlackTeam "Helsinki SSK"]
[WhiteTeamCountry "FIN"]
[BlackTeamCountry "FIN"]

1. e4 e5 2. Nf3 Nc6 3. Bb5 a6 4. Bxc6 dxc6 5. d4 exd4 6. Qxd4 Qxd4 7. Nxd4 Bd7 8. Be3 f6 9. Nd2 Ne7 10. 0-0-0 0-0-0 11. N4b3 b6 12. f4 Ng6 13. h3 h5 14. Rde1 Re8 15. g3 c5 16. Re2 a5 17. c4 a4 18. Na1 Bd6 19. h4 Re7 20. Bf2 Rd8 21. Re3 Bg4 22. Rd3 Rde8 23. Nc2 Rd7 24. Ne3 Be2 25. Ra3 Red8 26. Re1 Bg4 27. Rxa4 Kb7 28. Nxg4 Bxf4 29. gxf4 Nxf4 30. Rd1 hxg4 31. Be3 Ne2+ 32. Kc2 g3 33. Re1 Rxd2+ 34. Bxd2 Nd4+ 35. Kc1 Nf3 36. Ra3 Nxd2 37. Rxg3 Nxc4 38. Rxg7 Ne5 39. Rh1 Rd4 40. h5 Rxe4 41. h6 Re2 42. h7 Nd3+ 43. Kb1 Nxb2 44. h8Q Na4 45. Rc1 1-0

[Event "FIN-chT1B 1516"]
[Site "Finland"]
[Date "2015.11.08"]
[Round "4.4"]
[White "Saren, Ilkka J"]
[Black "Calonius, Mikael"]
[Result "1/2-1/2"]
[WhiteElo "2124"]
[BlackElo "2126"]
[PlyCount "86"]
[EventDate "2015.09.12"]
[EventType "team-tourn"]
[EventRounds "8"]
[EventCountry "FIN"]
[SourceTitle "EXT 2017"]
[Source "ChessBase"]
[SourceDate "2016.10.25"]
[SourceVersion "1"]
[SourceVersionDate "2016.10.25"]
[SourceQuality "1"]
[WhiteTeam "Helsinki SSK"]
[BlackTeam "Helsinki KSK"]
[WhiteTeamCountry "FIN"]
[BlackTeamCountry "FIN"]

1. e4 c5 2. Nf3 d6 3. d4 cxd4 4. Nxd4 Nf6 5. Nc3 Nc6 6. Be2 e6 7. Be3 Be7 8. 0-0 0-0 9. Kh1 Bd7 10. f4 Nxd4 11. Bxd4 Bc6 12. Bf3 Qc7 13. Qe1 e5 14. fxe5 dxe5 15. Qg3 Bd6 16. Be3 Kh8 17. Bg5 Ng8 18. Qh3 Be7 19. Be3 b5 20. Rac1 Rad8 21. g4 b4 22. Nd5 Bxd5 23. exd5 Nf6 24. c4 bxc3 25. Rxc3 Qd7 26. Qg2 e4 27. Bxe4 Nxg4 28. Bd4 f5 29. Bf3 Bf6 30. Bxf6 Rxf6 31. Bxg4 fxg4 32. Rxf6 gxf6 33. Rd3 Qf5 34. Rd1 Qf4 35. Qg3 Qe4+ 36. Qg2 Qf4 37. Qd2 Qe4+ 38. Kg1 Rd6 39. Qd4 Qf3 40. Rd3 Qf5 41. Rd1 a6 42. Qa7 Qe5 43. Qc5 Kg7 1/2-1/2

[Event "FIN-chT1B 1516"]
[Site "Finland"]
[Date "2015.10.10"]
[Round "3.4"]
[White "Kahri, Antti"]
[Black "Saren, Ilkka J"]
[Result "1/2-1/2"]
[WhiteElo "2061"]
[BlackElo "2124"]
[PlyCount "36"]
[EventDate "2015.09.12"]
[EventType "team-tourn"]
[EventRounds "8"]
[EventCountry "FIN"]
[SourceTitle "EXT 2017"]
[Source "ChessBase"]
[SourceDate "2016.10.25"]
[SourceVersion "1"]
[SourceVersionDate "2016.10.25"]
[SourceQuality "1"]
[WhiteTeam "Vantaa Remi"]
[BlackTeam "Helsinki SSK"]
[WhiteTeamCountry "FIN"]
[BlackTeamCountry "FIN"]

1. e4 e5 2. Nc3 Nf6 3. Nf3 Nc6 4. Bc4 Bc5 5. d3 d6 6. Bg5 h6 7. Bh4 Bg4 8. h3 Bxf3 9. Qxf3 Nd4 10. Qd1 g5 11. Bg3 h5 12. h4 g4 13. Na4 b5 14. Nxc5 bxc4 15. c3 dxc5 16. cxd4 Qxd4 17. Qa4+ Nd7 18. Qxc4 Qxc4 1/2-1/2

[Event "FIN-chT1 East 1213"]
[Site "Finland"]
[Date "2012.09.29"]
[Round "1.3"]
[White "Saren, Ilkka J"]
[Black "Pietarinen, Petri"]
[Result "1/2-1/2"]
[WhiteElo "2136"]
[BlackElo "2134"]
[PlyCount "51"]
[EventDate "2012.09.29"]
[EventType "team-tourn"]
[EventRounds "7"]
[EventCountry "FIN"]
[SourceTitle "EXT 2019"]
[Source "ChessBase"]
[SourceDate "2018.10.10"]
[SourceVersion "1"]
[SourceVersionDate "2018.10.10"]
[SourceQuality "1"]
[WhiteTeam "Helsinki SSK"]
[BlackTeam "Tampere Tammer II"]
[WhiteTeamCountry "FIN"]
[BlackTeamCountry "FIN"]

1. e4 e6 2. d4 d5 3. Nd2 c5 4. exd5 Qxd5 5. Ngf3 cxd4 6. Bc4 Qd6 7. 0-0 Nf6 8. Nb3 Nc6 9. Nfxd4 Nxd4 10. Qxd4 a6 11. Bf4 Qxd4 12. Nxd4 b5 13. Be2 Bb7 14. Bf3 Bxf3 15. Nxf3 Bc5 16. Be5 0-0 17. Bxf6 gxf6 18. Rfd1 Rfd8 19. Kf1 Kf8 20. Ke2 Ke7 21. c3 Rac8 22. Rxd8 Rxd8 23. Ne1 Bd6 24. g3 Rb8 25. Nd3 f5 26. f4 1/2-1/2

[Event "FIN-chT 1112"]
[Site "Finland"]
[Date "2011.10.16"]
[Round "4.5"]
[White "Saren, Ilkka J"]
[Black "Ahvenjarvi, Jani"]
[Result "0-1"]
[WhiteElo "2184"]
[BlackElo "2118"]
[PlyCount "72"]
[EventDate "2011.09.17"]
[EventType "team-tourn"]
[EventRounds "11"]
[EventCountry "FIN"]
[SourceTitle "CBM 144 Extra"]
[Source "ChessBase"]
[SourceDate "2011.10.28"]
[SourceVersion "1"]
[SourceVersionDate "2011.10.28"]
[SourceQuality "1"]
[WhiteTeam "Helsinki SSK"]
[BlackTeam "Sastamala VammSK"]
[WhiteTeamCountry "FIN"]
[BlackTeamCountry "FIN"]

1. e4 e5 2. Nf3 Nc6 3. Bb5 a6 4. Ba4 Nf6 5. 0-0 Be7 6. Re1 b5 7. Bb3 d6 8. c3 0-0 9. d4 Bg4 10. Be3 exd4 11. cxd4 d5 12. e5 Ne4 13. Nc3 Nxc3 14. bxc3 Qd7 15. h3 Bh5 16. g4 Bg6 17. Nh2 f5 18. f4 Na5 19. Bc2 Nc4 20. Bc1 c5 21. Kh1 cxd4 22. Qxd4 Qc6 23. Rd1 Rad8 24. Bxf5 Rxf5 25. gxf5 Bxf5 26. Rf1 Bc5 27. Qd1 Bxh3 28. Rf3 d4 29. a4 Be6 30. axb5 axb5 31. cxd4 Rxd4 32. Qe2 Qd5 33. Kg2 Rd1 34. Ra8+ Kf7 35. f5 Bxf5 36. e6+ Kg6 0-1

[Event "FIN-chT 1112"]
[Site "Finland"]
[Date "2011.09.18"]
[Round "2.5"]
[White "Saren, Ilkka J"]
[Black "Hokkanen, Petri"]
[Result "1/2-1/2"]
[WhiteElo "2184"]
[BlackElo "2300"]
[PlyCount "178"]
[EventDate "2011.09.17"]
[EventType "team-tourn"]
[EventRounds "11"]
[EventCountry "FIN"]
[SourceTitle "CBM 144 Extra"]
[Source "ChessBase"]
[SourceDate "2011.10.28"]
[SourceVersion "1"]
[SourceVersionDate "2011.10.28"]
[SourceQuality "1"]
[WhiteTeam "Helsinki SSK"]
[BlackTeam "Porvoo Velhot"]
[WhiteTeamCountry "FIN"]
[BlackTeamCountry "FIN"]

1. e4 c5 2. Nf3 Nc6 3. d4 cxd4 4. Nxd4 g6 5. Nc3 Bg7 6. Be3 Nf6 7. Be2 0-0 8. Nb3 d6 9. 0-0 Be6 10. f4 Na5 11. Nxa5 Qxa5 12. Bf3 Rac8 13. Nd5 Rfe8 14. Nxf6+ Bxf6 15. c3 Qb5 16. Rf2 a5 17. Bd4 Bxd4 18. Qxd4 Qc4 19. Rd2 b5 20. Be2 Qc5 21. b4 axb4 22. Qxc5 dxc5 23. Bxb5 Red8 24. Rc2 Ra8 25. cxb4 cxb4 26. Rb1 Rd4 27. Rcb2 Rxa2 28. Rxb4 Rdd2 29. Bf1 Rf2 30. g3 Rxh2 31. Re1 Kg7 32. Ra4 Rac2 33. Raa1 Bg4 34. Rac1 Rcd2 35. Re3 Rhf2 36. Rcc3 Rh2 37. Rcd3 Rb2 38. Rb3 Ra2 39. Ra3 Raf2 40. Rec3 Rc2 41. Rxc2 Rxc2 42. Ra7 e5 43. fxe5 Rc5 44. Kf2 Rxe5 45. Bc4 Be6 46. Bxe6 Rxe6 47. Kf3 h5 48. Rb7 Kf6 49. Ra7 Rc6 50. Ra5 g5 51. Rf5+ Kg6 52. Ra5 Rc3+ 53. Kf2 h4 54. Ra6+ Kg7 55. gxh4 gxh4 56. e5 Rc2+ 57. Kg1 Re2 58. Ra4 h3 59. Rg4+ Kf8 60. Rh4 Re3 61. Kh2 Ke7 62. Rh6 Rxe5 63. Kxh3 Rg5 64. Ra6 Kf8 65. Kh4 Rg1 66. Rb6 Kg7 67. Kh5 Rh1+ 68. Kg4 f6 69. Rb7+ Kg6 70. Rb6 Rc1 71. Rb5 f5+ 72. Kf4 Rc4+ 73. Kf3 Kg5 74. Rb3 Rh4 75. Kg3 f4+ 76. Kg2 Rh8 77. Ra3 Rc8 78. Kf2 Kg4 79. Rb3 Rc2+ 80. Kf1 Rh2 81. Kg1 Re2 82. Kf1 Re3 83. Rxe3 fxe3 84. Ke2 Kf4 85. Ke1 Ke5 86. Ke2 Kd4 87. Ke1 Kd3 88. Kd1 e2+ 89. Ke1 Ke3 1/2-1/2

[Event "FIN Team Cup"]
[Site "Finland"]
[Date "2011.05.14"]
[Round "2.4"]
[White "Saren, Ilkka J"]
[Black "Wilen, Eero"]
[Result "1/2-1/2"]
[WhiteElo "2196"]
[BlackElo "2091"]
[PlyCount "49"]
[EventDate "2011.03.26"]
[EventType "team-k.o."]
[EventRounds "5"]
[EventCountry "FIN"]
[SourceTitle "EXT 2022"]
[Source "ChessBase"]
[SourceDate "2021.10.06"]
[SourceVersion "1"]
[SourceVersionDate "2021.10.06"]
[SourceQuality "1"]
[WhiteTeam "Helsinki SSK"]
[BlackTeam "Helsinki I-HSK"]
[WhiteTeamCountry "FIN"]
[BlackTeamCountry "FIN"]

1. e4 c5 2. Nf3 e6 3. d4 cxd4 4. Nxd4 Nc6 5. Nc3 Qc7 6. Be2 a6 7. a3 b5 8. Nxc6 dxc6 9. Be3 Bb7 10. 0-0 Nf6 11. Qc1 Be7 12. Bf4 Qb6 13. Be3 Bc5 14. Bxc5 Qxc5 15. Kh1 0-0-0 16. f3 h6 17. Rd1 Rxd1+ 18. Qxd1 Rd8 19. Qg1 Qxg1+ 20. Kxg1 e5 21. Rd1 c5 22. Rxd8+ Kxd8 23. Nd1 Ke7 24. Ne3 g6 25. c3 1/2-1/2

[Event "EU-chT Seniors"]
[Site "Thessaloniki"]
[Date "2011.05.05"]
[Round "3"]
[White "Saren, Ilkka J"]
[Black "Jamieson, Peter Michael"]
[Result "1/2-1/2"]
[WhiteElo "2190"]
[BlackElo "2277"]
[PlyCount "122"]
[EventDate "2011.05.03"]
[EventType "team-swiss"]
[EventRounds "9"]
[EventCountry "GRE"]
[SourceTitle "CBM 142 Extra"]
[Source "ChessBase"]
[SourceDate "2011.06.27"]
[SourceVersion "1"]
[SourceVersionDate "2011.06.27"]
[SourceQuality "1"]
[WhiteTeam "Finland II"]
[BlackTeam "Scotland"]
[WhiteTeamCountry "FIN"]
[BlackTeamCountry "SCO"]

1. e4 g6 2. d4 Bg7 3. Nc3 d6 4. h3 c6 5. a4 Nf6 6. Nf3 0-0 7. Be2 a5 8. 0-0 Nbd7 9. Re1 e5 10. dxe5 dxe5 11. Be3 Qe7 12. Nd2 Nc5 13. Bc4 Ne6 14. Bxe6 Bxe6 15. Qc1 Nd7 16. Nf1 Rfd8 17. f3 Nc5 18. Bg5 Bf6 19. Bxf6 Qxf6 20. Qe3 b6 21. b3 Bc8 22. Red1 Ba6 23. Rxd8+ Rxd8 24. Rd1 Rd4 25. Rd2 Qd8 26. Ne2 Rxd2 27. Nxd2 Bxe2 28. Qxe2 Ne6 29. Kf1 b5 30. Qd3 Qg5 31. g4 Nf4 32. Qe3 Qh4 33. Qf2 Qxh3+ 34. Ke1 Qh1+ 35. Qf1 Qh4+ 36. Qf2 Qe7 37. axb5 cxb5 38. Qb6 Qh4+ 39. Qf2 Qd8 40. Qc5 Qb8 41. Kd1 Ne6 42. Qd5 Qc7 43. Qxb5 Qxc2+ 44. Kxc2 Nd4+ 45. Kd3 Nxb5 46. Nc4 f6 47. Nxa5 h5 48. gxh5 gxh5 49. Nc4 h4 50. Ne3 Kf7 51. b4 h3 52. Ng4 Ke6 53. Nh2 f5 54. Kc2 Kf6 55. Kd2 fxe4 56. fxe4 Kg5 57. Ke3 Nd6 58. Kf3 Kh4 59. Nf1 Nb5 60. Nh2 Nd6 61. Nf1 Nb5 1/2-1/2

[Event "FIN-chT1A 1011"]
[Site "Finland"]
[Date "2011.02.13"]
[Round "8.4"]
[White "Eloranta, Kari"]
[Black "Saren, Ilkka J"]
[Result "1/2-1/2"]
[WhiteElo "2053"]
[BlackElo "2201"]
[PlyCount "71"]
[EventDate "2010.09.18"]
[EventType "team-tourn"]
[EventRounds "9"]
[EventCountry "FIN"]
[SourceTitle "EXT 2022"]
[Source "ChessBase"]
[SourceDate "2021.10.06"]
[SourceVersion "1"]
[SourceVersionDate "2021.10.06"]
[SourceQuality "1"]
[WhiteTeam "Jyvaskyla JyS"]
[BlackTeam "Helsinki SSK"]
[WhiteTeamCountry "FIN"]
[BlackTeamCountry "FIN"]

1. e4 e5 2. Nc3 Nf6 3. g3 Bc5 4. Bg2 d6 5. Nge2 Nc6 6. Na4 Bb6 7. Nxb6 axb6 8. b3 Be6 9. Bb2 d5 10. f3 0-0 11. d3 dxe4 12. dxe4 Qe7 13. Qd2 Qc5 14. a3 Rfd8 15. Qc3 Nd7 16. Qxc5 bxc5 17. 0-0 Nd4 18. Nxd4 cxd4 19. Rfd1 c5 20. Bf1 Nb6 21. a4 Rdc8 22. a5 Nd7 23. a6 bxa6 24. Bxa6 Rcb8 25. Bf1 f6 26. Rxa8 Rxa8 27. Ra1 Rxa1 28. Bxa1 Nb6 29. Bb2 c4 30. bxc4 Bxc4 31. Bxc4+ Nxc4 32. Bc1 Kf7 33. Kf2 Ke6 34. Ke2 Kd6 35. Kd3 Kc5 36. c3 1/2-1/2

[Event "EU-chT Seniors 12th"]
[Site "Dresden"]
[Date "2010.02.10"]
[Round "1"]
[White "Joeger, E."]
[Black "Saren, Ilkka J"]
[Result "0-1"]
[WhiteElo "1996"]
[BlackElo "2207"]
[PlyCount "85"]
[EventDate "2010.02.10"]
[EventType "team-swiss"]
[EventRounds "9"]
[EventCountry "GER"]
[SourceTitle "CBM 134 Extra"]
[Source "ChessBase"]
[SourceDate "2010.03.03"]
[SourceVersion "1"]
[SourceVersionDate "2010.03.03"]
[SourceQuality "1"]
[WhiteTeam "Rheno Palatinat (Seniors)"]
[BlackTeam "Finland (Seniors)"]
[WhiteTeamCountry "GER"]
[BlackTeamCountry "FIN"]

1. d4 Nf6 2. c4 e6 3. Nf3 Bb4+ 4. Bd2 Qe7 5. a3 Bxd2+ 6. Nbxd2 d6 7. e3 0-0 8. Be2 e5 9. 0-0 b6 10. Rc1 Nbd7 11. Qc2 a5 12. Rfe1 Bb7 13. d5 a4 14. Nb1 Nc5 15. Nc3 Bc8 16. e4 Ne8 17. Rf1 g6 18. Ne1 f5 19. Nd3 Nb3 20. Rce1 Bd7 21. Bd1 f4 22. f3 Kh8 23. Qf2 Nc5 24. Bc2 Nxd3 25. Bxd3 Nf6 26. Qh4 Qg7 27. Rc1 g5 28. Qf2 Ra7 29. Nb5 Bxb5 30. cxb5 Nd7 31. Rc4 Nc5 32. Bc2 g4 33. Qh4 Rg8 34. fxg4 Qxg4 35. Qxg4 Rxg4 36. Rf3 Ra5 37. Rf2 Rxb5 38. Bxa4 Nxa4 39. Rxa4 Rc5 40. h3 Rc1+ 41. Kh2 Re1 42. Rb4 Re3 43. Rf3 0-1

[Event "FIN-chT1A 0910"]
[Site "Finland"]
[Date "2009.09.19"]
[Round "1.5"]
[White "Kopsa, Petri"]
[Black "Saren, Ilkka J"]
[Result "1/2-1/2"]
[WhiteElo "2083"]
[BlackElo "2210"]
[PlyCount "48"]
[EventDate "2009.09.19"]
[EventType "team-tourn"]
[EventRounds "7"]
[EventCountry "FIN"]
[SourceTitle "EXT 2022"]
[Source "ChessBase"]
[SourceDate "2021.10.06"]
[SourceVersion "1"]
[SourceVersionDate "2021.10.06"]
[SourceQuality "1"]
[WhiteTeam "Helsinki HSK III"]
[BlackTeam "Helsinki SSK"]
[WhiteTeamCountry "FIN"]
[BlackTeamCountry "FIN"]

1. d4 Nf6 2. c4 e6 3. Nc3 Bb4 4. f3 d5 5. a3 Bxc3+ 6. bxc3 c5 7. cxd5 Nxd5 8. dxc5 Qa5 9. e4 Ne7 10. Be3 Qxc3+ 11. Kf2 Nbc6 12. Ne2 Qa5 13. Nd4 0-0 14. Nxc6 Nxc6 15. Qb3 Qc7 16. Be2 e5 17. Rhd1 Be6 18. Qb2 Rfd8 19. Rxd8+ Rxd8 20. Rb1 Nd4 21. Qxb7 Qxc5 22. Qb4 Qxb4 23. Rxb4 Nxe2 24. Kxe2 a6 1/2-1/2

[Event "FIN-chT1A 0809"]
[Site "Finland"]
[Date "2008.10.??"]
[Round "3.2"]
[White "Saren, Ilkka J"]
[Black "Ristoja, Jan"]
[Result "1/2-1/2"]
[WhiteElo "2209"]
[BlackElo "2290"]
[PlyCount "28"]
[EventDate "2008.10.??"]
[EventType "team-tourn"]
[EventRounds "5"]
[EventCountry "FIN"]
[SourceTitle "EXT 2022"]
[Source "ChessBase"]
[SourceDate "2021.10.06"]
[SourceVersion "1"]
[SourceVersionDate "2021.10.06"]
[SourceQuality "1"]
[WhiteTeam "Helsinki SSK"]
[BlackTeam "Helsinki Garde"]
[WhiteTeamCountry "FIN"]
[BlackTeamCountry "FIN"]

1. e4 c5 2. Nf3 e6 3. d4 cxd4 4. Nxd4 Nc6 5. Nc3 Qc7 6. Be2 a6 7. 0-0 Nf6 8. a3 Be7 9. Be3 d6 10. f4 Na5 11. Qd3 b5 12. Rae1 Bb7 13. Bf3 Rc8 14. Bc1 Nd7 1/2-1/2

[Event "FIN-chT1A 0607"]
[Site "Finland"]
[Date "2007.03.10"]
[Round "7"]
[White "Salo, Tapio"]
[Black "Saren, Ilkka J"]
[Result "1-0"]
[WhiteElo "2307"]
[BlackElo "2230"]
[PlyCount "107"]
[EventDate "2006.09.16"]
[EventType "team-tourn"]
[EventRounds "7"]
[EventCountry "FIN"]
[SourceTitle "EXT 2022"]
[Source "ChessBase"]
[SourceDate "2021.10.06"]
[SourceVersion "1"]
[SourceVersionDate "2021.10.06"]
[SourceQuality "1"]
[WhiteTeam "Salo SK"]
[BlackTeam "Helsinki SSK"]
[WhiteTeamCountry "FIN"]
[BlackTeamCountry "FIN"]

1. Nf3 Nf6 2. c4 e6 3. Nc3 d5 4. d4 Be7 5. Bg5 0-0 6. e3 b6 7. Rc1 Bb7 8. cxd5 exd5 9. Be2 Nbd7 10. 0-0 a6 11. Ne5 Ne8 12. Bxe7 Qxe7 13. Nxd7 Qxd7 14. Bf3 Nf6 15. Qb3 Qd6 16. Ne2 a5 17. Nc3 Rac8 18. Rfd1 Rfd8 19. a3 h6 20. h3 Qd7 21. Be2 g6 22. Rc2 Ra8 23. a4 Ne8 24. Bg4 f5 25. Bf3 Kh8 26. Rdc1 h5 27. h4 Kh7 28. Nb5 Rdc8 29. g3 c6 30. Nc3 Qd8 31. Ne2 Rab8 32. Nf4 Ng7 33. Qa3 Qf8 34. Qxf8 Rxf8 35. Nd3 b5 36. axb5 cxb5 37. Nc5 Rfd8 38. Nxb7 Rxb7 39. Rc5 a4 40. Bxd5 Rb6 41. Bc6 Rdb8 42. Bd7 a3 43. bxa3 b4 44. axb4 Rxb4 45. Rc7 Rb2 46. Ra7 Rb1 47. Rxb1 Rxb1+ 48. Kg2 Rd1 49. Bc6 Kh6 50. Ra6 Rd2 51. Kf3 Rd1 52. Bd5 f4 53. Ke2 Rc1 54. Be4 1-0

[Event "EU-chT Seniors 09th"]
[Site "Dresden"]
[Date "2007.02.19"]
[Round "4"]
[White "Weinwurm, Wolfgang"]
[Black "Saren, Ilkka J"]
[Result "1-0"]
[WhiteElo "2129"]
[BlackElo "2225"]
[PlyCount "123"]
[EventDate "2007.02.16"]
[EventType "team-swiss"]
[EventRounds "9"]
[EventCountry "GER"]
[SourceTitle "CBM 117 Extra"]
[Source "ChessBase"]
[SourceDate "2007.05.09"]
[SourceVersion "1"]
[SourceVersionDate "2007.05.09"]
[SourceQuality "1"]

1. e4 e5 2. Nf3 Nc6 3. c3 Nf6 4. d4 d5 5. Bb5 Nxe4 6. Nxe5 Bd7 7. Bxc6 bxc6 8. 0-0 Be7 9. Nd2 Nxd2 10. Bxd2 0-0 11. Qf3 f6 12. Nd3 Bd6 13. Bf4 Be8 14. Rfe1 Bf7 15. Qg3 Rb8 16. b3 Re8 17. Rxe8+ Bxe8 18. Re1 Bf7 19. Qg4 Kf8 20. Re3 Qc8 21. Qg3 Qd7 22. h4 Rd8 23. Qf3 Bg6 24. Nc5 Bxc5 25. dxc5 d4 26. cxd4 Qxd4 27. Bxc7 Qd1+ 28. Qxd1 Rxd1+ 29. Kh2 Rd2 30. Kg3 Rxa2 31. b4 Rb2 32. Ba5 Bf7 33. Rd3 Bd5 34. Re3 a6 35. f3 h5 36. Rd3 Kf7 37. Re3 Bc4 38. Re1 g5 39. hxg5 fxg5 40. Kh2 Bd5 41. Re3 Kg6 42. Rd3 Kf5 43. Kg3 Bc4 44. Rd1 h4+ 45. Kh3 Rf2 46. Kh2 Bd5 47. Kg1 Rb2 48. Rf1 Bc4 49. Rf2 Rb1+ 50. Kh2 Bd3 51. Rd2 Rb3 52. Ra2 Bc4 53. Rc2 Bd5 54. Rd2 Rb1 55. Rc2 g4 56. fxg4+ Kxg4 57. Rd2 Re1 58. b5 Rb1 59. Rxd5 cxd5 60. b6 Kf5 61. c6 Ke6 62. b7 1-0

[Event "FIN-chT1A 0607"]
[Site "Finland"]
[Date "2006.09.16"]
[Round "1.3"]
[White "Oksa, Jaakko"]
[Black "Saren, Ilkka J"]
[Result "1/2-1/2"]
[WhiteElo "2016"]
[BlackElo "2230"]
[PlyCount "89"]
[EventDate "2006.09.16"]
[EventType "team-tourn"]
[EventRounds "7"]
[EventCountry "FIN"]
[SourceTitle "EXT 2022"]
[Source "ChessBase"]
[SourceDate "2021.10.06"]
[SourceVersion "1"]
[SourceVersionDate "2021.10.06"]
[SourceQuality "1"]
[WhiteTeam "Turku SY"]
[BlackTeam "Helsinki SSK"]
[WhiteTeamCountry "FIN"]
[BlackTeamCountry "FIN"]

1. e4 e5 2. Nf3 Nc6 3. Bb5 a6 4. Ba4 Nf6 5. 0-0 Be7 6. Re1 b5 7. Bb3 d6 8. c3 0-0 9. h3 Na5 10. Bc2 c5 11. d4 Nd7 12. Nbd2 cxd4 13. cxd4 Nc6 14. Nf1 exd4 15. Nxd4 Nxd4 16. Qxd4 Ne5 17. Qd1 Bf6 18. Ne3 Be6 19. Nd5 Bxd5 20. Qxd5 Rc8 21. Bb3 Nc4 22. Re2 Qb6 23. Bxc4 bxc4 24. Be3 Qc6 25. Rd1 Qxd5 26. Rxd5 Rc6 27. Bd4 Bxd4 28. Rxd4 Rb8 29. Rc2 Kf8 30. Kf1 Ke7 31. Ke2 Rcb6 32. Rdd2 Rb4 33. Ke3 Ra4 34. a3 Rb3+ 35. Kf4 c3 36. bxc3 Raxa3 37. c4 Rc3 38. e5 dxe5+ 39. Kxe5 Ra5+ 40. Kd4 Rxc2 41. Rxc2 Kd6 42. g4 Ra1 43. Rb2 Rd1+ 44. Ke4 Re1+ 45. Kd4 1/2-1/2